Hitting probabilities of single points for processes with stationary independent increments
Αποθηκεύτηκε σε:
| Κύριος συγγραφέας: | |
|---|---|
| Μορφή: | Βιβλίο |
| Γλώσσα: | English |
| Δημοσίευση: |
Providence :
American Mathematical Society,
1969
|
| Σειρά: | Memoirs of the American Mathematical Society ;
; 93 |
| Θέματα: | |
| Ετικέτες: |
Προσθήκη ετικέτας
Δεν υπάρχουν, Καταχωρήστε ετικέτα πρώτοι!
|
MARC
| LEADER | 00000nam a2200000 i 4500 | ||
|---|---|---|---|
| 001 | 1/30822 | ||
| 008 | 941103s1969 eng d | ||
| 020 | |z 821-91293-1 | ||
| 035 | |a 1993 |l 10038669 | ||
| 040 | |a GR-MY-UA |b gre |e aacr | ||
| 041 | 0 | |a eng | |
| 082 | 0 | |a 519.2 | |
| 100 | 1 | |a Kesten, Harry |d 1931- | |
| 245 | 1 | 0 | |a Hitting probabilities of single points for processes with stationary independent increments / |c by Harry Kesten |
| 260 | |a Providence : |b American Mathematical Society, |c 1969 | ||
| 300 | |a 129 σ.; |c 26 εκ. | ||
| 490 | 1 | |a Memoirs of the American Mathematical Society |v ; 93 | |
| 504 | |a Bιβλιογραφία σ. 127-129 | ||
| 650 | 0 | 0 | |a Probabilities. |
| 650 | 0 | 0 | |a Markov processes. |
| 830 | 0 | |a Memoirs of the American Mathematical Society ; |v ; 93 | |
| 852 | |a INST |b SAMOS |e 19941103 |h 519.2 HIT |p 005300002660 |q 005300002660 |t BK |y 0 | ||
| 909 | |a Σ |b 030559 | ||